|
|
|
|
| LEADER |
00000cam a22000004a 4500 |
| 001 |
musev2_10270 |
| 003 |
MdBmJHUP |
| 005 |
20230905041153.0 |
| 006 |
m o d |
| 007 |
cr||||||||nn|n |
| 008 |
090225s2009 inu o 00 0 eng d |
| 010 |
|
|
|z 2009006984
|
| 020 |
|
|
|a 9780268076788
|
| 020 |
|
|
|z 0268022968
|
| 020 |
|
|
|z 0268076782
|
| 020 |
|
|
|z 9780268022969
|
| 035 |
|
|
|a (OCoLC)681228412
|
| 040 |
|
|
|a MdBmJHUP
|c MdBmJHUP
|
| 043 |
|
|
|a e-fr---
|
| 050 |
0 |
4 |
|a BX4730
|b .C66 2009
|
| 082 |
0 |
|
|a 273/.7
|2 22
|
| 100 |
1 |
|
|a Conley, John J.
|
| 245 |
1 |
0 |
|a Adoration and Annihilation :
|b The Convent Philosophy of Port-Royal /
|c John J. Conley.
|
| 264 |
|
1 |
|a Notre Dame, Ind. :
|b University of Notre Dame Press,
|c 2009.
|
| 264 |
|
3 |
|a Baltimore, Md. :
|b Project MUSE,
|c 2012
|
| 264 |
|
4 |
|c ©2009.
|
| 300 |
|
|
|a 1 online resource (336 pages).
|
| 336 |
|
|
|a text
|b txt
|2 rdacontent
|
| 337 |
|
|
|a computer
|b c
|2 rdamedia
|
| 338 |
|
|
|a online resource
|b cr
|2 rdacarrier
|
| 504 |
|
|
|a Includes bibliographical references (p. 297-303) and index.
|
| 505 |
0 |
|
|a Introduction: A convent philosophy -- Mere Angelique Arnauld : virtue and grace -- Mere Agnes Arnauld : adoration and right -- Mere Angelique de Saint-Jean Arnauld d'Andilly : persecution and resistance -- Conclusion: A nocturnal philosophy.
|
| 588 |
|
|
|a Description based on print version record.
|
| 650 |
|
0 |
|a Philosophy, French
|y 17th century.
|
| 650 |
|
0 |
|a Jansenists.
|
| 610 |
2 |
0 |
|a Port-Royal des Champs (Abbey)
|
| 600 |
1 |
0 |
|a Arnauld d'Andilly, Angelique de Saint Jean,
|d 1624-1684.
|
| 600 |
1 |
0 |
|a Arnauld, Agnes,
|d 1593-1671.
|
| 600 |
1 |
0 |
|a Arnauld, Jacqueline Marie Angelique,
|d 1591-1661.
|
| 655 |
|
7 |
|a Electronic books.
|2 local
|
| 710 |
2 |
|
|a Project Muse.
|e distributor
|
| 830 |
|
0 |
|a Book collections on Project MUSE.
|
| 856 |
4 |
0 |
|z Texto completo
|u https://projectmuse.uam.elogim.com/book/10270/
|
| 945 |
|
|
|a Project MUSE - Custom Collection
|
| 945 |
|
|
|a Project MUSE - Archive Complete Foundation
|
| 945 |
|
|
|a Project MUSE - Archive Philosophy and Religion Foundation
|